Η μουσική των πρώτων αριθμών

Αποθηκεύτηκε σε:
Λεπτομέρειες βιβλιογραφικής εγγραφής
Κύριος συγγραφέας: Du Sautoy, Marcus
Μορφή: Βιβλίο
Γλώσσα:Greek
English
Δημοσίευση: Αθήνα : Τραυλός, c2005.
Θέματα:
Ετικέτες: Προσθήκη ετικέτας
Δεν υπάρχουν, Καταχωρήστε ετικέτα πρώτοι!

MARC

LEADER 00000cam a2200000 i 4500
001 1/51837
008 070821s2005 gr | ||| |||| ||gre||
020 |a 9606640000 
035 |l 10089832 
040 |a GR-MyUa  |b gre  |e AACR2 
041 1 |a gre  |h eng 
082 7 |a 512.72   |2 (22) 
100 1 |a Du Sautoy, Marcus. 
245 1 2 |a Η μουσική των πρώτων αριθμών /   |c Marcus Du Sautoy ; [μετάφραση Τεύκρος Μιχαηλίδης].  
260 |a Αθήνα :   |b Τραυλός,   |c c2005.  
300 |a 526 σ. ;   |c 21 εκ. 
500 |a Τίτλος πρωτοτύπου: The music of the primes.  
504 |a Περιλαμβάνει βιβλιογραφία: σ. 493-501. Ευρετήριο. 
600 1 0 |a Riemann, Bernhard,   |d 1826-1866. 
650 0 |a Numbers, Prime. 
852 |a INST  |b SAMOS  |e 20080526  |h 512.72 DUS  |p 005300030333  |q 005300030333  |t BK  |y 0 
852 |a INST  |b SYROS  |e 20070821  |h 512.72 DUS  |p 005500007255  |q 005500007255  |t BK  |y 0 
901 |a BIBL3-2008-2 
901 |a BIBL5-2007-2 
922 |a 3ΕΛΗ  |b 200711  |c ΕΠΕΑΕΚ2/Τμήμα Μαθηματικών  |d Πατάκης 
922 |a 5ΕΛΗ  |b 200705  |c ΕΠΕΑΕΚ2/ΤΜΣΠΣ  |d Σ. Πατάκης 
970 |a Κοντού  |b Παρασκευή  |z 21/08/2007